Normal view
MARC view
- التأتاه-علاج-جوانب نفسية-اضطرابات النطق
Entry Topical Term
001 - CONTROL NUMBER
- control field: 58949
003 - CONTROL NUMBER IDENTIFIER
- control field: JO-AjAnu
005 - DATE AND TIME OF LATEST TRANSACTION
- control field: 20230606083637.0
008 - FIXED-LENGTH DATA ELEMENTS
- fixed length control field: 230606|| aca||aabn | a|a d
040 ## - CATALOGING SOURCE
- Original cataloging agency: JO-AjAnu
- Transcribing agency: JO-AjAnu
150 ## - HEADING--TOPICAL TERM
- Topical term or geographic name entry element: التأتاه-علاج-جوانب نفسية-اضطرابات النطق
670 ## - SOURCE DATA FOUND
- Source citation: Work cat.: (JO-AjAnu)30070: تاليف كيلمن، ألين، اليسون وايت؛ ترجمة حسين عبده ربايعة, author 58948, التلعثم أو التأتاة